| 000 | 00365nab a22001097u 4500 | ||
|---|---|---|---|
| 008 | 130520b2012 xxu||||| |||| 00| 0 spa d | ||
| 041 | _aspa | ||
| 100 | 1 |
_aGonzález Radio, Vicente _969793 |
|
| 245 | 0 | 0 |
_aEl tiempo: radiografía en nuestra época _cVicente González Radio |
| 773 | 0 |
_tCompostellanum _gV.57, nº1-2,2012,págs. 193-212 _x0573-2018 _wRev130 |
|
| 942 | _cAR | ||
| 999 |
_c420390 _d420390 |
||